000 00427nam a2200157 i 4500
001 30967
003 ES-MaACL
005 20230906154301.0
007 t|
008 030128s1952 sp ||||1| spa d
100 1 _aBatllés Tormo, Luis.
_926455
245 1 0 _aAlimentación y diétetica /
_cLuis Batllés Tormo.
260 _aValencia :
_bB.A.M.,
_c[1952]
300 _a247 p. ;
_c22 cm.
852 _aES-MaACL
_jD-8237
_bR.32978
999 _c30967
_d30967